00656nam a2200193 a 4500001001000000008004100010020001800051020003800069050001500107100001800122245011500140260003100255300003400286500005200320650002600372700002100398700001900419700002400438016671635181022s2009 ||||||||||||||||| || u a9780205412433 a9780205612628 (International ed.) aBF 121 Psy aNamy, Laura L10aPsychology: from inquiry to understandingcScott O. Lilienfeld; Steven Jay Lynn; Laura L. Lynn; Nancy J. Woolf aBoston:bPearson/A&Bc2009 a1 v. (various paging) : ill.  aIncludes bibliographical references and indexes 0aPSYCHOLOGY--TEXTBOOKS aLynn, Steven Jay aWoolf, Nancy J aLilienfeld, Scott O